Responses for Show #414 - Thursday, April 10, 1986

Donald Burgo game 4.

Contestants

[<< previous game]

Mike Petrina, a vice president of legislative relations from Arlington, Virginia

Kathy Collins, an attorney from Des Moines, Iowa

Donald Burgo, a teacher from St. Louis, Missouri (whose 3-day cash winnings total $15,180)

[next game >>]

Jeopardy! Round responses

MOSCOW
GARDENING
5-LETTER WORDS
SPORTS
WEATHER
FAMOUS DUNCANS
    $100 1
Kremlin

Donald
    $100 17
Hawaii

Kathy
    $100 11
rainy

Mike
    $100 23
olé

Mike
    $100 12
air conditioning

Donald
    $100 6
yo-yo

Kathy
    $200 2
Lenin

Donald
    $200 22
lawnmower

Kathy
    $200 18
(Kathy: What are Hollywood [*] ?)

Wives

Kathy
    $200 24
(Alex teased Donald by repeating bars like "bahs".)

bars, handles

Donald
    $200 13
sun

Donald
    $200 7
cake mixes

Donald
    $500 3
Ivan the Terrible

Donald
    $300 25
pruning

Mike
    $300 19
(Mike: What are fields?)

field

Mike
Triple Stumper
    $300 26
Johnny Weissmuller

Mike
    $300 14
carbon dioxide

Donald
    $300 8
Isadora Duncan

Kathy
    $400 4
Red Square

Donald
    $400 20
quell

Mike
    $400 27
1964

Triple Stumper
    $400 15
(Kathy: What is January?)

February

DonaldKathy
    $400 9
Duncan Phyfe

Kathy
    $500 5
...
(Alex: In 1812 [*])
[Applause for the run]

France

Donald
    $500 21
elite

Donald
    $500 28
[The end-of-round signal sounds.]

tacking

Kathy
    $500 16
(Mike: What's a thunderstorm?)

thunderheads

Mike
Triple Stumper
    $500 10
Duncan Renaldo

Kathy

Scores at the first commercial break (after clue 10):

Donald Kathy Mike
$1,900 $1,300 $0

Scores at the end of the Jeopardy! Round:

Donald Kathy Mike
$3,600 $1,900 $400

Double Jeopardy! Round responses

FICTIONAL CHARACTERS
BUSINESS & INDUSTRY
THE RED CROSS
CLASSICAL MUSIC
THE OLD WEST
WINE
    $200 1
Fang

Mike
    $200 11
Coca-Cola

Kathy
    $200 21
volunteers

Kathy
    $200 6
pianoforte

Donald
    $200 12
sod houses

Donald
    $200 13
red (or black) grape

Donald
    $400 2
(Donald: What is a gardener?)

gamekeeper

DonaldMike
    $400 15
aluminum pan

Triple Stumper
    $400 22
(Kathy: I'll try it. What is 14,000?)

40,000

DonaldKathy
    $400 7
Franz

Mike
    $400 14
New York

Mike
    $600 3
Dr. Frankenstein

Kathy
    $600 16
Titanic

Mike
    $600 23
Switzerland

Donald
    $600 8
Mozart

Triple Stumper
    $600 18
good legs

Triple Stumper
    $800 4
Esmeralda

Kathy
    $800 17
(Mike: What is his biography?)
(Alex: No.)
(Mike: Autobiography?)
(Alex: Sorry.)

autobiography

DonaldMike
    $800 24
President of the United States

Donald
    $800 9
Stravinsky

Donald
    $800 19
light-bodied to full-bodied

Donald
    $1000 5
Daisy Miller

Mike
    $1,000 26
(Mike: What is dictaphone?)

Victor

Mike
    $1000 25
Red Crescent

Mike
    $1000 10
(Donald: What is a sonata?)

concerto

DonaldMike
    $1000 27
Northfield

Triple Stumper
    $1000 20
table wine

Kathy

Scores at the end of the Double Jeopardy! Round:

Donald Kathy Mike
$7,000 $4,300 $3,600

[wagering suggestions for these scores]

Final Jeopardy! Round responses

THE CONTINENTS
MikeWhat is Antarctica?
$3,600
KathyWhat is Africa?
$300
DonaldWhat is Africa?
$3,000
North America

Final scores:

Donald Kathy Mike
$4,000 $4,000 $0
4-day co-champion: $19,180 New co-champion: $4,000 2nd place: Trip to Roseland Ranch in Stanfordville, New York

Game dynamics:

Coryat scores:

Donald Kathy Mike
$6,800 $4,300 $4,600
21 R
(including 1 DD),
2 W
13 R,
2 W
13 R,
4 W
(including 1 DD)

Combined Coryat: $15,700

[game clues] [game scores] [suggest correction]

Game tape date: 1985-11-18
The J! Archive is created by fans, for fans. Scraping, republication, monetization, and malicious use prohibited; this site may use cookies and collect identifying information. See terms. The Jeopardy! game show and all elements thereof, including but not limited to copyright and trademark thereto, are the property of Jeopardy Productions, Inc. and are protected under law. This website is not affiliated with, sponsored by, or operated by Jeopardy Productions, Inc. Join the discussion at JBoard.tv.